Konkurencieschopnosť ekonomiky SR po vstupe do EÚ a úlohy vysokých škôl

Komerčné využívanie komparatívnych výhod ako jeden z faktorov presadenia sa na trhu. Realita podmienok na globálnych trhoch opierajúca sa o zvyšovanie pridanej hodnoty a rýchlu sofistikáciu výstupov. Výskumné a vzdelávacie inštitúcie ako nositelia konkurencieschopnosti. Presadzovanie vedomostnej eko...

Description complète

Enregistré dans:
Détails bibliographiques
Auteur principal: Baláž, Peter
Format: Chapitre de livre
Langue:slovaque
Sujets:
Tags: Ajouter un tag
Pas de tags, Soyez le premier à ajouter un tag!

MARC

LEADER 00000naa$a2200000$$$4500
001 0047888
005 20240502083128.5
041 0 |a slo 
044 |a CZ 
245 1 0 |a Konkurencieschopnosť ekonomiky SR po vstupe do EÚ a úlohy vysokých škôl 
520 |a Komerčné využívanie komparatívnych výhod ako jeden z faktorov presadenia sa na trhu. Realita podmienok na globálnych trhoch opierajúca sa o zvyšovanie pridanej hodnoty a rýchlu sofistikáciu výstupov. Výskumné a vzdelávacie inštitúcie ako nositelia konkurencieschopnosti. Presadzovanie vedomostnej ekonomiky. Vzdelávacie inštitúcie ako nositelia zmien. Konkurenčná výkonnosť slovenského školstva a celej výchovno-vzdelávacej sústavy ako predpoklad pre dlhodobú prosperitu krajiny. Investície do vysokého školstva. 
610 2 0 |a rozvoj hospodársky 
610 2 0 |a konkurencieschopnosť 
610 2 0 |a spoločnosť vedomostná 
610 2 0 |a inovácia 
610 2 0 |a pokrok technologický 
610 2 0 |a vedomosti 
610 2 0 |a vzdelávanie 
610 2 0 |a školstvo 
610 2 0 |a školy vysoké 
610 2 0 |a Slovensko 
100 1 |a Baláž, Peter